| 000 | 00731nam a2200241 a 4500 | ||
|---|---|---|---|
| 005 | 20240815063726.0 | ||
| 008 | 160429s2005 es r 000 0 spa d | ||
| 020 | _a847864234X (10 dígitos) | ||
| 020 | _a9788478642342 (13 dígitos) | ||
| 035 | _aUPN01000209943 | ||
| 049 | _aI | ||
| 050 | 4 |
_aSF442 _bM6.6 2005 |
|
| 100 | 1 |
_aMontardre, Hélène, _d1954- _936131 |
|
| 245 | 1 | 3 |
_aEl pequeño gato / _cHélène Montardre. |
| 250 | _a2a ed. | ||
| 260 |
_aBarcelona, Esp. : _bCombel, _c2005. |
||
| 300 |
_a23 p. : _bil. |
||
| 440 | 1 | _a¿Quién eres? | |
| 534 |
_pTítulo original : _tLe petit chat |
||
| 650 | 4 |
_aGATOS - _vLITERATURA INFANTIL _910191 |
|
| 650 | 4 |
_aAnimales _xHábitos y comportamiento _91059 |
|
| 905 | _aInfantil | ||
| 999 |
_c182044 _d182044 |
||